000 00289 a2200109 4500
001 ART_18433
005 20260410161702.0
008 260409a
245 1 0 _aCrossing UP
100 1 _aFernández, Luis Omar
773 0 _tRevista Impuestos
_g- Nº 12 (dic. 2012)
_wREV639
999 _c15237
_d15237